000 00915nam a2200265 i 4500
001 9859
003 ES-MaACL
005 20230906145754.0
008 940311s1993 sp ||||1| spa d
020 _a84-370-1074-8
080 _a001.81:5/6
100 1 _aNúñez Cachaza, Antonio.
_986177
245 1 0 _aHacer una tesis en ciencias /
_cA. Núñez Cachaza, M. Núñez de Murga, J. Núñez de Murga.
260 _aValència :
_bUniversitat, Servei de Publicacions,
_c1993.
300 _a103 p. ;
_c17 cm.
490 1 _aCultura universitaria popular ;
_v19
650 _aTesis doctorales.
_917517
650 4 _aEscritos científicos.
_912399
650 4 _aInvestigación-
_xMetodología.
_9165440
700 1 _aNúñez de Murga, Manuel.
_986189
700 1 _aNúñez de Murga, Javier.
_986188
830 1 _aCultura universitaria popular ;
_v19
_9179154
852 _aES-MaACL
_jL-17289
999 _c9859
_d9859